| 000 | 00704nam a22002177a 4500 | ||
|---|---|---|---|
| 003 | OSt | ||
| 005 | 20140310182347.0 | ||
| 008 | 130927t xxu||||| |||| 00| 0 eng d | ||
| 020 | _a0688059422 | ||
| 050 |
_aPS 3569.T4557 _b.St847 1986 |
||
| 082 |
_aGS 920.741 _bSt4 1986 |
||
| 100 |
_aStevenson, James _921992 |
||
| 245 |
_aWhen I was nine / _c James Stevenson. |
||
| 260 |
_aNewYork : _bGreenwillow Books, _cc1986. |
||
| 300 |
_a30 p. : _bill, ; _c26 cm. |
||
| 541 | _j1 | ||
| 562 | _e1 | ||
| 650 |
_aStevenson, James, 1929 _xChildhood and youth _xJuvenile Literature. _921993 |
||
| 650 |
_aAuthors, American _x20th century _xBiography _xJuvenile Literature. _921994 |
||
| 942 |
_2lcc _cBK-GS |
||
| 999 |
_c12250 _d12250 |
||